Longest River by Country - Statistics

General Stats
  • This quiz has been taken 51 times
  • The average score is 4 of 15
Answer Stats
Country Length (km) River % Correct
United States 3767 Missouri
81%
Italy 652 Po
74%
China 6301 Yangtze
66%
France 1012 Loire
62%
Russia 4337 Lena
51%
Spain 930 Ebro
36%
Germany 526 Main
23%
Colombia 1528 Magdalena
13%
Brazil 2829 Sao Francisco
11%
India 1465 Godavari
4%
Mexico 875 Culiacan
2%
Argentina 1150 Salado
2%
South Africa 1120 Vaal
2%
Nigeria 550 Kaduna
0%
Iran 950 Karun
0%
No matching quizzes found
Score Distribution
Percent of People with Each Score
Percentile by Number Answered
Your Score History
You have not taken this quiz